The triple path: (Record no. 14745)
[ view plain ]
| 000 -LEADER | |
|---|---|
| fixed length control field | 01239nam a22002537a 4500 |
| 005 - DATE AND TIME OF LATEST TRANSACTION | |
| control field | 20080807150710.0 |
| 008 - FIXED-LENGTH DATA ELEMENTS--GENERAL INFORMATION | |
| fixed length control field | 080807t xxu||||| |||| 00| p eng d |
| 010 ## - LCCN (DPL NO) | |
| LC control number | ENG-90680-81 |
| 020 ## - INTERNATIONAL STANDARD BOOK NUMBER | |
| International Standard Book Number | 9788184350272 (set) |
| Terms of availability | 1200.00 (set of 2vols.) |
| 035 ## - SYSTEM CONTROL NUMBER | |
| System control number | EN-74213-14 |
| 037 ## - SOURCE OF ACQUISITION | |
| Source of stock number/acquisition | DBAD / PUB |
| 040 ## - CATALOGING SOURCE | |
| Original cataloging agency | DPL |
| Language of cataloging | ENGLISH |
| 082 ## - DEWEY DECIMAL CLASSIFICATION NUMBER | |
| Classification number | 881.08 |
| 245 ## - TITLE STATEMENT | |
| Title | The triple path: |
| Remainder of title | re-inventing poetic genre a study of the poetry of Charu Sheel Singh / |
| Statement of responsibility, etc | edited by Krishna Banerjee |
| 260 ## - PUBLICATION, DISTRIBUTION, ETC. (IMPRINT) | |
| Place of publication, distribution, etc | New Delhi |
| Name of publisher, distributor, etc | Adhyayan Publishers and Distributors |
| Date of publication, distribution, etc | 2007 |
| 300 ## - PHYSICAL DESCRIPTION | |
| Extent | 2v.(xxx, 168p.; xxix, 169-325p.) |
| Dimensions | 22 cm.(Hb) |
| 500 ## - GENERAL NOTE | |
| General note | Includes index |
| 500 ## - GENERAL NOTE | |
| General note | The book is in 2 vols. and set price is Rs.1200.00 |
| 600 ## - SUBJECT ADDED ENTRY--PERSONAL NAME | |
| Personal name | Charu Sheel Singh (1955-) |
| General subdivision | English poetry |
| -- | History and criticism |
| 700 ## - ADDED ENTRY--PERSONAL NAME | |
| Personal name | Banerjee, Krishna |
| 942 ## - ADDED ENTRY ELEMENTS (KOHA) | |
| Source of classification or shelving scheme | Dewey Decimal Classification |
| Item type | English Books |
| Classification part | 881.08 |
| Call number suffix | TRI |
| Withdrawn status | Lost status | Source of classification or shelving scheme | Materials specified (bound volume or other part) | Damaged status | Not for loan | Collection code | Home library | Current library | Date acquired | Source of acquisition | Cost, normal purchase price | Total Checkouts | Full call number | Barcode | Date last seen | Cost, replacement price | Koha item type | Public note |
|---|---|---|---|---|---|---|---|---|---|---|---|---|---|---|---|---|---|---|
| Dewey Decimal Classification | V.I | Not For Loan | Non-fiction | D.B.Act.Division | D.B.Act.Division | 07/08/2008 | DBAD / PUB | 1200.00 | 881.08 TRI | EN-74213 | 15/09/2008 | 1200.00 | English Books | V.I | ||||
| Dewey Decimal Classification | V.II | Not For Loan | Non-fiction | D.B.Act.Division | D.B.Act.Division | 07/08/2008 | DBAD / PUB | 1200.00 | 881.08 TRI | EN-74214 | 15/09/2008 | 1200.00 | English Books | V.II |
